00372nam a2200145Ia 4500003000900000008004100009040001600050080001200066100002200078245005100100260002600151300001400177650001600191650001900207IN-BaIIA211028s9999 xx 000 0 eng d cIIA Library a51bLIT aLittlewood, J. E. 2aA mathematician's miscellanyc J.E. Littlewood aLondonbMethuenc1963 avii,136p. aMathematics aNASA thesaurus